Federal power : regional effects of changes in PMA's rates : report to congressional requesters /

Bibliographic Details
Corporate Author: United States. General Accounting Office
Format: Government Document Microform Book
Language:English
Published: Washington, D.C. (P.O. Box 37050, Washington 20013) : The Office, [1998]
Subjects:
Online Access:Adobe Acrobat Reader required

MARC

Tag First Indicator Second Indicator Subfields
LEADER 00000cam a2200000 a 4500
001 in00000006152
007 he bmb024bbca
008 990823s1998 dcuab bbs f000 0 eng c
005 20230331144426.2
010 |a  98223386  
035 |a (OCoLC)ocm42822586 
035 |9 AJK1363AM 
035 |a in00000006152 
040 |a UPM  |c UPM  |d OCL  |d SPI  |d GPO  |d DLC  |d MvI  |d UtOrBLW 
042 |a pcc 
043 |a n-us---  |a n-usp--  |a n-usu-- 
049 |a UMIC 
050 0 0 |a HD9685.U5  |b F423 1998 
074 |a 0546-D (MF) 
074 |a 0546-D (online) 
086 0 |a GA 1.13:RCED-99-15 
088 |a GAO/RCED-99-15 
088 |a B-281133 
110 1 |a United States.  |b General Accounting Office. 
245 1 0 |a Federal power :  |b regional effects of changes in PMA's rates : report to congressional requesters /  |c United States General Accounting Office. 
246 3 0 |a Regional effects of changes in PMA's rates 
264 1 |a Washington, D.C. (P.O. Box 37050, Washington 20013) :  |b The Office,  |c [1998] 
300 |a 108 pages :  |b illustrations, maps ;  |c 28 cm. 
336 |a text  |b txt  |2 rdacontent 
337 |a microform  |b h  |2 rdamedia 
338 |a microfiche  |b he  |2 rdacarrier 
500 |a Cover title. 
500 |a "November 1998." 
500 |a Shipping list number: 99-0717-M. 
500 |a Shipping List Date: 07/26/99 
504 |a Includes bibliographical references. 
500 |a "GAO/RCED-99-15." 
500 |a "B-281133"--P. 1. 
533 |a Microfiche.  |b [Washington, D.C.] :  |c U.S. General Accounting Office,  |d [1999]  |e 2 microfiches : negative. 
530 |a Also available via Internet from the GPO Access Web site. Address as of 4-23-01: http://frwebgate.access.gpo.gov/cgi-bin/getdoc.cgi?dbname=gao&docid=f:rc99015.pdf; current access is available via PURL. 
500 |a Microform. 
610 1 0 |a United States.  |b Southeastern Power Administration. 
610 1 0 |a United States.  |b Southwestern Power Administration. 
610 1 0 |a United States.  |b Western Area Power Administration. 
650 0 |a Electric utilities  |x Rates  |z United States. 
856 4 1 |u https://purl.fdlp.gov/GPO/LPS11308  |z Adobe Acrobat Reader required  |t 0 
999 |a MARS 
999 f f |i 48366a28-99cc-390e-9568-06ede9623331  |s 4cc0959b-716a-32b4-976a-a56352ab9d32  |t 0 
952 f f |p normal  |a Texas A&M University  |b College Station  |c Sterling C. Evans Library  |d Evans: US Documents Microfiche (3rd floor)  |t 0  |e GA 1.13:RCED-99-15  |h Superintendent of Documents classification  |i microform -- microfiche  |m A14829110586 
952 f f |a Texas A&M University  |b College Station  |c Electronic Resources  |d Available Online  |t 0  |e GA 1.13:RCED-99-15  |h Superintendent of Documents classification 
998 f f |a GA 1.13:RCED-99-15  |t 0  |l Available Online 
998 f f |a GA 1.13:RCED-99-15  |t 0  |l Evans: US Documents Microfiche (3rd floor)